| 000 | 00578nam a22002057a 4500 | ||
|---|---|---|---|
| 003 | OSt | ||
| 005 | 20181114142950.0 | ||
| 008 | 181114b xxu||||| |||| 00| 0 eng d | ||
| 020 | _a8185731179 | ||
| 040 | _cDNLM | ||
| 082 | _aQV34 SI4l 2005 | ||
| 100 |
_aSubrahmanyam, C.V.S.; Vasantharaju, S.G. _912751 |
||
| 245 | _aLaboratory Manual of Physical Pharmacy | ||
| 250 | _a2nd ed. | ||
| 260 | _aDelhi; Vallabh Prakashan, 2005 | ||
| 300 | _axi,123p; ill: 20cm | ||
| 504 | _aAppendices, & index included | ||
| 650 |
_aLaboratory manual in pharmacy _912752 |
||
| 942 |
_2z _cSLOAN |
||
| 999 |
_c6180 _d6180 |
||